[Event "ICS rated blitz match"]
[Site "204.178.125.65"]
[Date "2001.01.08"]
[Round "?"]
[White "Hossa"]
[Black "ChesterX"]
[Result "1/2-1/2"]
[WhiteElo "2577"]
[BlackElo "2564"]
[PlyCount "219"]
[EventDate "2001.??.??"]

1. e4 e6 2. d3 d5 3. Nd2 c5 4. Ngf3 Nc6 5. exd5 Qxd5 6. Ne4 Be7 7. Nc3 Qd6 8.
Be2 Nf6 9. O-O O-O 10. Bg5 Rd8 11. Nb5 Qb8 12. Qc1 e5 13. Re1 Bf5 14. Bh4 a6
15. Nc3 Qc7 16. Bg3 Ng4 17. Nd2 f6 18. Bf3 Be6 19. Bxc6 Qxc6 20. f3 Nh6 21. f4
exf4 22. Bxf4 Nf5 23. Nc4 b6 24. b3 Re8 25. Qd2 Nd4 26. Qf2 b5 27. Ne3 Rad8 28.
a4 b4 29. Na2 g5 30. Bg3 f5 31. Be5 f4 32. Nc4 Bxc4 33. Bxd4 Bxd3 34. Nxb4 cxb4
35. cxd3 Rxd4 36. Rxe7 Rxd3 37. Qa7 Qg6 38. Rxe8+ Qxe8 39. Qxa6 Rxb3 40. Rd1
Kg7 41. Qa7+ Kh6 42. Rd6+ Kh5 43. Qxh7+ Kg4 44. Rd1 Re3 45. Rf1 Qe4 46. Qd7+
Kh5 47. Qf7+ Qg6 48. Qd5 Kh6 49. Qd4 Re4 50. Qh8+ Qh7 51. Qxh7+ Kxh7 52. Rb1
Kg6 53. a5 Re5 54. Ra1 Re7 55. Kf2 Ra7 56. Ke2 b3 57. Kd3 b2 58. Rb1 Rxa5 59.
Rxb2 Kf5 60. h3 Ke5 61. Kc4 Ra4+ 62. Kd3 Ra3+ 63. Ke2 Re3+ 64. Kf2 Rd3 65. Rb5+
Kf6 66. Rb6+ Kf5 67. Rb5+ Kg6 68. Rb6+ Kh5 69. Rf6 Rb3 70. Ke2 Ra3 71. Kf2 Rg3
72. Ra6 Rb3 73. Rf6 Rd3 74. Ke2 Re3+ 75. Kf1 Rc3 76. Ke2 Rg3 77. Kf2 Ra3 78.
Ke2 Rc3 79. Kf2 Rc2+ 80. Kf3 Rd2 81. Ra6 Rd3+ 82. Ke2 Rd4 83. Kf3 Rd2 84. Ra3
Rc2 85. Rd3 Kg6 86. Ra3 Kf6 87. Ra6+ Kf7 88. Rd6 Ra2 89. Rc6 Ke7 90. Rg6 Ra3+
91. Kf2 Ra5 92. Rh6 Rb5 93. Rg6 Kf7 94. Ra6 Re5 95. Kf3 Re3+ 96. Kf2 Rc3 97.
Rb6 Kg7 98. Rb7+ Kf6 99. Rb6+ Ke7 100. Rg6 Rc5 101. Kf3 Kf7 102. Rb6 Rc3+ 103.
Kf2 Ra3 104. Rd6 Rb3 105. Rc6 Rd3 106. Rb6 Ke7 107. Rg6 Rd5 108. Rb6 Kd7 109.
Kf3 Re5 110. Rf6 {Game drawn by the 50 move rule} 1/2-1/2

[Event "ICS rated standard match"]
[Site "204.178.125.65"]
[Date "2001.01.08"]
[Round "?"]
[White "ChesterX"]
[Black "Hossa"]
[Result "1/2-1/2"]
[WhiteElo "2510"]
[BlackElo "2378"]
[PlyCount "226"]
[EventDate "2001.??.??"]

1. d4 d5 2. c4 c6 3. Nf3 Nf6 4. Qc2 dxc4 5. Qxc4 Bf5 6. g3 e6 7. Bg2 Nbd7 8.
O-O Nb6 9. Qb3 Be7 10. Nc3 O-O 11. a4 Rb8 12. Re1 Ne4 13. Bf4 Bd6 14. Ne5 Nd2
15. Qa2 f6 16. Red1 fxe5 17. dxe5 Bc5 18. Rxd2 Qe7 19. e4 Bg4 20. a5 Na8 21. h3
g5 22. Be3 Bxe3 23. fxe3 Bf3 24. Rf1 Bxg2 25. Rxf8+ Rxf8 26. Kxg2 Qf7 27. Kh2
Nc7 28. Qc4 h5 29. Qe2 Na6 30. Qd1 Nc5 31. h4 g4 32. b4 Na6 33. b5 Nc5 34. bxc6
bxc6 35. Rg2 Nb7 36. a6 Nc5 37. Qd6 Nxa6 38. Ne2 Re8 39. Nf4 Kh8 40. Rb2 Kg8
41. Qxc6 Nc7 42. Nxh5 Qxh5 43. Qxc7 Qf7 44. Qxf7+ Kxf7 45. Ra2 Re7 46. Rf2+ Kg8
47. Rf4 Rf7 48. Rxg4+ Rg7 49. Rf4 Rf7 50. h5 a5 51. Rh4 a4 52. Kg2 a3 53. Rh1
a2 54. Ra1 Ra7 55. g4 Ra5 56. Kg3 Kg7 57. Kh4 Kh6 58. g5+ Kg7 59. Kg4 Ra8 60.
Kf3 Kh7 61. Kg3 Rg8 62. Rxa2 Rxg5+ 63. Kf4 Rxh5 64. Ra6 Rh6 65. Ra7+ Kg6 66.
Re7 Kh5 67. Kf3 Kg5 68. Ke2 Rg6 69. Kd3 Kg4 70. Re8 Kg3 71. Rf8 Rg7 72. Rf6
Rd7+ 73. Ke2 Re7 74. Rh6 Kg4 75. Rg6+ Kh5 76. Rf6 Re8 77. Kd2 Rd8+ 78. Ke1 Re8
79. Ke2 Re7 80. Kf3 Re8 81. Kf4 Re7 82. Rf8 Ra7 83. Re8 Ra6 84. Rh8+ Kg6 85.
Rf8 Rb6 86. Kg4 Kg7 87. Rf6 Rc6 88. Kf4 Rb6 89. Kf3 Rc6 90. Kg4 Rb6 91. Kf4 Ra6
92. Kg3 Rc6 93. Kf3 Ra6 94. Kf2 Kg8 95. Kg3 Kg7 96. Rf1 Kg6 97. Kg4 Rb6 98. Rd1
Rb5 99. Kf4 Rb7 100. Ra1 Rh7 101. Kg4 Rh5 102. Ra5 Rg5+ 103. Kf3 Rh5 104. Ke2
Rh1 105. Ra6 Kf7 106. Ra7+ Ke8 107. Ra8+ Ke7 108. Ra4 Rh2+ 109. Kd3 Rb2 110.
Ra7+ Ke8 111. Ra6 Ke7 112. Kd4 Rb7 113. Ra4 Rd7+ {
Game drawn by the 50 move rule} 1/2-1/2

[Event "ICS Rated standard match"]
[Site "204.178.125.65"]
[Date "2001.01.09"]
[Round "?"]
[White "diep"]
[Black "Hossa"]
[Result "1/2-1/2"]
[WhiteElo "2494"]
[BlackElo "2384"]
[PlyCount "140"]
[EventDate "2001.??.??"]

1. d4 d5 2. c4 c6 3. Nc3 e6 4. Nf3 dxc4 5. a4 Bb4 6. e3 b5 7. Bd2 Nf6 8. axb5
Bxc3 9. Bxc3 cxb5 10. b3 Ne4 11. Ba5 Qd5 12. bxc4 bxc4 13. Ne5 Nd6 14. Bc7 Nc6
15. Qa4 Bd7 16. Nxd7 Kxd7 17. Bxd6 Qxd6 18. Bxc4 Qb4+ 19. Qxb4 Nxb4 20. Kd2 a5
21. Bb5+ Kd6 22. Rhc1 Rhb8 23. Rc5 Ra7 24. e4 f6 25. f4 Rb6 26. g3 g6 27. Ba4
f5 28. e5+ Ke7 29. Rc8 Kf7 30. Be8+ Kg7 31. Rc5 Rb8 32. Bb5 Kf7 33. Be2 a4 34.
Ra3 Nd5 35. Rb5 Rb6 36. Bf1 h6 37. Rxb6 Nxb6 38. Bb5 Ra5 39. Be2 g5 40. fxg5
hxg5 41. h3 Ra8 42. Ra2 Ke7 43. Bf3 Ra7 44. h4 gxh4 45. gxh4 a3 46. h5 Kf8 47.
Kc3 Ra4 48. Kd3 Kf7 49. Bc6 Ra7 50. Bh1 Kg7 51. Bf3 Kh6 52. Kc3 Ra4 53. Kd3 Nd5
54. Bxd5 exd5 55. e6 Kxh5 56. e7 Ra8 57. Kd2 Re8 58. Rxa3 Rxe7 59. Ra8 Rd7 60.
Ke3 Kg5 61. Rg8+ Kf6 62. Kf4 Rh7 63. Rf8+ Ke6 64. Re8+ Re7 65. Rxe7+ Kxe7 66.
Kxf5 Kd6 67. Kg4 Kc6 68. Kf5 Kd6 69. Kg4 Kc6 70. Kf5 Kd6 {
Game drawn by repetition} 1/2-1/2

[Event "ICS rated blitz match"]
[Site "204.178.125.65"]
[Date "2001.01.09"]
[Round "?"]
[White "Georgiadalex"]
[Black "Hossa"]
[Result "0-1"]
[WhiteElo "1961"]
[BlackElo "2576"]
[PlyCount "33"]
[EventDate "2001.??.??"]

1. d4 Nf6 2. c4 e6 3. Nf3 Bb4+ 4. Nbd2 O-O 5. g3 Nc6 6. Bg2 d5 7. cxd5 Qxd5 8.
e3 e5 9. dxe5 Nxe5 10. O-O Bg4 11. Nh4 Qc5 12. Qb3 Rad8 13. Ne4 Nxe4 14. Bxe4
Be2 15. a3 Bxf1 16. Kxf1 Bd2 17. Qa2 {Georgiadalex resigns} 0-1

[Event "ICS rated blitz match"]
[Site "204.178.125.65"]
[Date "2001.01.09"]
[Round "?"]
[White "Hossa"]
[Black "pob"]
[Result "1-0"]
[WhiteElo "2577"]
[BlackElo "2286"]
[PlyCount "95"]
[EventDate "2001.??.??"]

1. e4 e5 2. Nf3 Nc6 3. Bb5 a6 4. Ba4 Nf6 5. O-O b5 6. Bb3 Be7 7. Re1 O-O 8. c3
d5 9. exd5 Nxd5 10. Nxe5 Nxe5 11. Rxe5 c6 12. d4 Bd6 13. Re1 Qh4 14. g3 Qh3 15.
Re4 g5 16. Bxg5 Qf5 17. Bxd5 cxd5 18. Rh4 Qxg5 19. Rh5 Qg6 20. Rxd5 Bb7 21. Rh5
Qe4 22. d5 Rae8 23. Rg5+ Kh8 24. Nd2 Qe2 25. Qxe2 Rxe2 26. Rd1 f6 27. Rh5 Rfe8
28. Rf5 Kg7 29. c4 Kg6 30. g4 bxc4 31. Nxc4 Re1+ 32. Rxe1 Rxe1+ 33. Kg2 Be5 34.
f4 Bxb2 35. Rh5 Rd1 36. Nxb2 Rd2+ 37. Kf3 Rxb2 38. a4 Rb4 39. Ke3 Rxa4 40. d6
Ra3+ 41. Kd4 Ra4+ 42. Ke3 Bc8 43. h3 Ra1 44. Rc5 Bd7 45. Rc7 Bb5 46. f5+ Kg5
47. Rxh7 Rd1 48. Rh5# {pob checkmated} 1-0

[Event "ICS rated blitz match"]
[Site "204.178.125.65"]
[Date "2001.01.09"]
[Round "?"]
[White "konakvaiev"]
[Black "Hossa"]
[Result "0-1"]
[WhiteElo "2103"]
[BlackElo "2582"]
[PlyCount "76"]
[EventDate "2001.??.??"]

1. e4 e5 2. Nf3 Nc6 3. Bb5 a6 4. Ba4 Nf6 5. d3 b5 6. Bb3 Be7 7. c3 d5 8. Qe2
dxe4 9. dxe4 Bc5 10. h3 O-O 11. O-O Qe7 12. Nbd2 Nh5 13. Bd5 Ng3 14. Qe1 Bb7
15. Nb3 Bb6 16. Be3 Nxf1 17. Bxb6 cxb6 18. Kxf1 a5 19. Nbd2 Rad8 20. Kg1 Rd7
21. Nf1 Rfd8 22. Ne3 Qd6 23. Qe2 Qc5 24. Ng5 h6 25. Nf3 Rc7 26. Nh4 b4 27. Rc1
Nd4 28. Qg4 Ba6 29. Re1 bxc3 30. Nhf5 Nxf5 31. Nxf5 Qf8 32. Nxh6+ Kh8 33. Nf5
cxb2 34. Qh5+ Kg8 35. Qg5 Bd3 36. Nh6+ Kh7 37. Nxf7 Rxd5 38. Qf5+ Kg8 {
konakvaiev resigns} 0-1

[Event "ICS rated standard match"]
[Site "204.178.125.65"]
[Date "2001.01.09"]
[Round "?"]
[White "Hossa"]
[Black "perucho"]
[Result "0-1"]
[WhiteElo "2389"]
[BlackElo "2582"]
[PlyCount "140"]
[EventDate "2001.??.??"]

1. e4 e5 2. Nf3 Nc6 3. Bb5 a6 4. Ba4 Nf6 5. O-O Be7 6. Re1 b5 7. Bb3 d6 8. c3
O-O 9. h3 Na5 10. Bc2 c5 11. d4 Qc7 12. b4 cxb4 13. cxb4 Nc4 14. Nc3 Bb7 15. a3
Rfc8 16. dxe5 dxe5 17. Re2 Rd8 18. Qe1 Rac8 19. Bg5 h6 20. Bxf6 Bxf6 21. Bb3
Rd3 22. Bc2 Rd6 23. Bb3 Qd7 24. a4 Rc7 25. axb5 axb5 26. Ra7 Bc6 27. Rxc7 Qxc7
28. Rc2 Qd7 29. Qe2 Nb6 30. Qe3 Rd4 31. Rc1 Qb7 32. Rb1 Kf8 33. Ba2 Qd7 34. Rc1
Bb7 35. Bb3 Qd8 36. Kh1 Rxb4 37. Rd1 Qc7 38. Rb1 Na4 39. Nd5 Bxd5 40. exd5 e4
41. Ne1 Nc5 42. Rc1 Rd4 43. f3 Qd6 44. Ba2 b4 45. Kg1 b3 46. Bxb3 Rb4 47. Bc4
Bg5 48. Qa3 Ra4 49. Qb2 Be3+ 50. Kh1 exf3 51. Rb1 Rxc4 52. Nxf3 Bf4 53. Rd1 Ne4
54. Qa2 Be3 55. Qa8+ Ke7 56. Qb7+ Rc7 57. Qxc7+ Qxc7 58. d6+ Nxd6 59. Ne5 Qc2
60. Re1 Bf2 61. Nc6+ Kd7 62. Ne5+ Kc7 63. Ra1 Bd4 64. Rf1 Bxe5 65. Kg1 Nf5 66.
h4 Bg3 67. h5 Ne3 68. Rxf7+ Kb6 69. Rb7+ Kxb7 70. Kh1 Qxg2# {Hossa checkmated}
0-1

[Event "ICS rated blitz match"]
[Site "204.178.125.65"]
[Date "2001.01.09"]
[Round "?"]
[White "Hossa"]
[Black "ChesterX"]
[Result "1/2-1/2"]
[WhiteElo "2584"]
[BlackElo "2585"]
[PlyCount "170"]
[EventDate "2001.??.??"]

1. e4 c5 2. Nf3 e6 3. d4 cxd4 4. Nxd4 a6 5. c4 Nf6 6. Nc3 d6 7. Bd3 Be7 8. O-O
O-O 9. Be3 Nbd7 10. f4 Qc7 11. Qe2 Nc5 12. Bc2 e5 13. fxe5 dxe5 14. Nf5 Bxf5
15. Rxf5 Qb6 16. b3 Qe6 17. Qf3 Ncd7 18. Nd5 Rac8 19. Rf1 Bc5 20. Bxc5 Rxc5 21.
b4 Rcc8 22. Ba4 b5 23. cxb5 Nxd5 24. exd5 Qb6+ 25. Qf2 axb5 26. Qxb6 Nxb6 27.
Bxb5 Nxd5 28. Rxe5 Nxb4 29. a4 Rfd8 30. Re7 f6 31. g3 Kf8 32. Ra7 Nc6 33. Bxc6
Rxc6 34. Rf2 Rcc8 35. Ra2 Rd1+ 36. Kf2 Rcd8 37. h3 h5 38. a5 R1d3 39. Kg2 Rc3
40. Rb2 Kg8 41. Kf2 Rdd3 42. h4 Rxg3 43. Rb5 Rh3 44. Rxh5 Rh2+ 45. Kg1 Ra2 46.
Rf5 Rc1+ 47. Rf1 Rcc2 48. Rf4 Rc5 49. Ra8+ Kh7 50. a6 Rc1+ 51. Rf1 Rc6 52. a7
Rc7 53. Rf3 Kg6 54. Rf2 Raxa7 55. Rh8 Ra1+ 56. Kh2 Ra4 57. Rg2+ Kf5 58. Rh5+
Kf4 59. Rh8 Rd4 60. Rg8 Rdd7 61. Kh3 Re7 62. Rg4+ Ke5 63. Rg6 f5 64. h5 f4 65.
Kg4 Rc1 66. Kf3 Rc3+ 67. Kg2 Kd4 68. R6xg7 Re2+ 69. Kh1 Rh3+ 70. Kg1 Rxh5 71.
Rd7+ Kc5 72. Rc8+ Kb6 73. Rf7 Re4 74. Rcf8 Rh4 75. Rf5 Kc7 76. R8f7+ Kd6 77.
R7f6+ Ke7 78. Rf7+ Ke6 79. R7f6+ Kd7 80. Rf7+ Kc6 81. R7f6+ Kd7 82. Rf7+ Kd6
83. R7f6+ Kd7 84. Rf7+ Kd6 85. R7f6+ Kd7 {Game drawn by repetition} 1/2-1/2

[Event "ICS rated blitz match"]
[Site "204.178.125.65"]
[Date "2001.01.09"]
[Round "?"]
[White "Hossa"]
[Black "manjenosi"]
[Result "1-0"]
[WhiteElo "2584"]
[BlackElo "1975"]
[PlyCount "55"]
[EventDate "2001.??.??"]

1. e4 c5 2. Nf3 d6 3. Bb5+ Bd7 4. Bxd7+ Nxd7 5. O-O g6 6. d4 cxd4 7. Qxd4 Ngf6
8. Nc3 Bg7 9. Bg5 O-O 10. e5 dxe5 11. Nxe5 Nxe5 12. Qxe5 Qb6 13. Qxe7 Rae8 14.
Qa3 Ne4 15. Be3 Qc6 16. Nxe4 Rxe4 17. Qb3 a5 18. c3 Rfe8 19. Rfd1 Rxe3 20. fxe3
Bh6 21. Qd5 Bxe3+ 22. Kh1 Qf6 23. Qxb7 Qh4 24. Rf1 Bf4 25. g3 Qh3 26. Rxf4 Re2
27. Qxf7+ Kh8 28. Qf8# {manjenosi checkmated} 1-0

[Event "ICS rated blitz match"]
[Site "204.178.125.65"]
[Date "2001.01.09"]
[Round "?"]
[White "manjenosi"]
[Black "Hossa"]
[Result "0-1"]
[WhiteElo "1974"]
[BlackElo "2585"]
[PlyCount "54"]
[EventDate "2001.??.??"]

1. d4 d5 2. c4 c6 3. Nc3 e6 4. Nf3 dxc4 5. a4 Bb4 6. Ne5 b5 7. axb5 cxb5 8. e3
Nf6 9. Qf3 Qd5 10. Qg3 O-O 11. Bd2 Bxc3 12. Bxc3 Ne4 13. Qh4 f6 14. Nf3 Nc6 15.
Be2 b4 16. Bd2 c3 17. bxc3 bxc3 18. Bc1 Nb4 19. O-O Bd7 20. Ba3 a5 21. Bxb4
axb4 22. Bd3 Bc6 23. Rxa8 Rxa8 24. Rb1 Qf5 25. Ne1 Rb8 26. f3 Qg5 27. fxe4 Qxh4
{manjenosi resigns} 0-1

[Event "ICS rated blitz match"]
[Site "204.178.125.65"]
[Date "2001.01.09"]
[Round "?"]
[White "Hossa"]
[Black "manjenosi"]
[Result "1-0"]
[WhiteElo "2586"]
[BlackElo "1973"]
[PlyCount "25"]
[EventDate "2001.??.??"]

1. e4 c5 2. Nf3 d6 3. Bb5+ Bd7 4. Bxd7+ Qxd7 5. O-O Nf6 6. e5 dxe5 7. Nxe5 Qd6
8. Nc4 Qd5 9. d3 Nc6 10. Nc3 Qf5 11. Qd2 g6 12. Re1 Bg7 13. Nd6+ {
manjenosi resigns} 1-0

[Event "ICS rated blitz match"]
[Site "204.178.125.65"]
[Date "2001.01.09"]
[Round "?"]
[White "manjenosi"]
[Black "Hossa"]
[Result "0-1"]
[WhiteElo "1972"]
[BlackElo "2587"]
[PlyCount "50"]
[EventDate "2001.??.??"]

1. d4 d5 2. c4 c6 3. Nc3 e6 4. Nf3 dxc4 5. a4 Bb4 6. Bd2 c5 7. e3 cxd4 8. exd4
Nc6 9. Bxc4 Nxd4 10. Nxd4 Qxd4 11. Bb5+ Bd7 12. Bxd7+ Qxd7 13. Qg4 Bf8 14. Rd1
Nf6 15. Qg3 Qd6 16. Bf4 Qb4 17. Bd6 Bxd6 18. Qxg7 Ke7 19. O-O Bxh2+ 20. Kxh2
Qh4+ 21. Kg1 Rhg8 22. Nd5+ Nxd5 23. Qe5 Rxg2+ 24. Kxg2 Rg8+ 25. Kf3 Qg4# {
manjenosi checkmated} 0-1

[Event "ICS rated blitz match"]
[Site "204.178.125.65"]
[Date "2001.01.09"]
[Round "?"]
[White "Hossa"]
[Black "manjenosi"]
[Result "1-0"]
[WhiteElo "2588"]
[BlackElo "1971"]
[PlyCount "73"]
[EventDate "2001.??.??"]

1. e4 c5 2. Nc3 e6 3. f4 d5 4. Bb5+ Bd7 5. Bxd7+ Qxd7 6. Nf3 Nc6 7. e5 Nge7 8.
d3 Nf5 9. O-O Be7 10. g4 Nfd4 11. a4 O-O 12. Nxd4 cxd4 13. Ne2 Nb4 14. Nxd4 Bc5
15. Be3 Nc6 16. c3 Bxd4 17. Bxd4 Nxd4 18. cxd4 Rfc8 19. Qd2 Qe7 20. Rac1 Qh4
21. Qg2 h5 22. Rxc8+ Rxc8 23. g5 Rc6 24. h3 Rb6 25. Kh2 Rb3 26. Qd2 g6 27. a5
a6 28. Rc1 Kg7 29. Kg2 Kg8 30. Rc3 Rb5 31. b4 Kg7 32. Rc8 Kh7 33. Rc5 Rxc5 34.
dxc5 Kg7 35. b5 axb5 36. c6 bxc6 37. a6 {manjenosi resigns} 1-0

[Event "ICS rated blitz match"]
[Site "204.178.125.65"]
[Date "2001.01.09"]
[Round "?"]
[White "manjenosi"]
[Black "Hossa"]
[Result "0-1"]
[WhiteElo "1970"]
[BlackElo "2589"]
[PlyCount "38"]
[EventDate "2001.??.??"]

1. d4 e6 2. c4 Bb4+ 3. Bd2 Bxd2+ 4. Nxd2 d5 5. g3 dxc4 6. Bg2 Qxd4 7. Ngf3 Qxb2
8. O-O b5 9. Rb1 Qxa2 10. Rxb5 c3 11. Ne5 c6 12. Nxc6 Bd7 13. Rxb8+ Rxb8 14.
Nxb8 cxd2 15. Nxd7 Kxd7 16. Qa1 Qxa1 17. Rxa1 Ne7 18. Rxa7+ Kd6 19. Ra1 Rc8 {
manjenosi resigns} 0-1

[Event "ICS rated standard match"]
[Site "204.178.125.65"]
[Date "2001.01.09"]
[Round "?"]
[White "Colossus"]
[Black "Hossa"]
[Result "1-0"]
[WhiteElo "2464"]
[BlackElo "2381"]
[PlyCount "125"]
[EventDate "2001.??.??"]

1. Nf3 c5 2. e4 e6 3. d4 cxd4 4. Nxd4 Nc6 5. Nc3 Bb4 6. Ndb5 Nf6 7. a3 Bxc3+ 8.
Nxc3 d5 9. exd5 exd5 10. Bd3 O-O 11. O-O d4 12. Ne2 Re8 13. b4 a6 14. Bb2 Kh8
15. Bc4 Qc7 16. Bb3 Ng4 17. g3 Nge5 18. f4 Bg4 19. fxe5 Qxe5 20. Bxd4 Qg5 21.
Rxf7 Nxd4 22. Qxd4 Bxe2 23. Rxb7 Rf8 24. Rf7 Rxf7 25. Bxf7 Rf8 26. Re1 Rxf7 27.
Qe4 Qf6 28. Qxe2 Rf8 29. c4 h6 30. c5 Qc3 31. Qe3 Qc2 32. Rc1 Qg6 33. c6 Kg8
34. Qe2 Qd6 35. Rc5 Kh7 36. Kg2 Ra8 37. Qe4+ Kh8 38. Rd5 Qf6 39. c7 Rc8 40. Re5
Qf7 41. Re7 Qf8 42. Qg4 Ra8 43. Qd7 Qg8 44. a4 Kh7 45. Qd3+ Kh8 46. Rd7 Qa2+
47. Kg1 Qa1+ 48. Qf1 Qxf1+ 49. Kxf1 Rf8+ 50. Ke2 Re8+ 51. Kd2 Kh7 52. Rd8 Re7
53. c8=Q Rf7 54. Rh8+ Kg6 55. Qg4+ Kf6 56. Re8 g5 57. Qd4+ Kg6 58. Rg8+ Kf5 59.
g4+ Ke6 60. Rg6+ Ke7 61. Qd6+ Ke8 62. Rg8+ Rf8 63. Rxf8# {Hossa checkmated} 1-0

[Event "ICS rated standard match"]
[Site "204.178.125.65"]
[Date "2001.01.09"]
[Round "?"]
[White "Hossa"]
[Black "Colossus"]
[Result "0-1"]
[WhiteElo "2369"]
[BlackElo "2476"]
[PlyCount "94"]
[EventDate "2001.??.??"]

1. Nf3 b6 2. c4 d5 3. cxd5 Qxd5 4. Nc3 Qd8 5. d4 e6 6. e4 Nf6 7. Bb5+ c6 8. Bd3
Be7 9. O-O O-O 10. Bf4 Bb7 11. Qc2 Na6 12. a3 Nh5 13. Be3 Nc7 14. Rfc1 Rc8 15.
b3 h6 16. Ne2 Nb5 17. Qb2 Nf6 18. Ng3 Ng4 19. Bxb5 cxb5 20. Rxc8 Qxc8 21. Bf4
Nf6 22. Re1 Qe8 23. Ne5 b4 24. a4 b5 25. a5 Qc8 26. Qa2 Qc3 27. Nf3 Rc8 28. a6
Ba8 29. Rc1 Qxc1+ 30. Bxc1 Rxc1+ 31. Nf1 Nxe4 32. Ne5 Nc3 33. Qd2 Bd5 34. Qb2
Bxb3 35. g4 Bd5 36. h3 b3 37. Nd3 Rc2 38. Qa1 Ne2+ 39. Kh2 Bd6+ 40. Ne5 b2 41.
Qd1 Nxd4 42. Qxc2 Bxe5+ 43. Kg1 b1=Q 44. Qd3 Qxd3 45. f4 Qe2 46. Ne3 Nf3+ 47.
Kh1 Qh2# {Hossa checkmated} 0-1

[Event "ICS rated blitz match"]
[Site "204.178.125.65"]
[Date "2001.01.09"]
[Round "?"]
[White "monsoon"]
[Black "Hossa"]
[Result "0-1"]
[WhiteElo "2459"]
[BlackElo "2591"]
[PlyCount "158"]
[EventDate "2001.??.??"]

1. e4 c5 2. Nf3 e6 3. d4 cxd4 4. Nxd4 Nc6 5. Nc3 d6 6. Be2 Nf6 7. O-O Be7 8.
Be3 O-O 9. f4 Bd7 10. Qd2 d5 11. exd5 Nxd5 12. Nxd5 exd5 13. Bf3 Nxd4 14. Bxd4
Be6 15. Qe3 b6 16. c4 Re8 17. f5 Bxf5 18. Bxd5 Bc5 19. Bxc5 Rxe3 20. Bxe3 Be6
21. Bxa8 Qxa8 22. Rf4 Qe8 23. Bf2 g5 24. Rd4 Qc8 25. b3 f5 26. Rd6 Kf8 27. Re1
Bf7 28. Red1 Ke7 29. Be3 f4 30. Bf2 Bh5 31. R1d2 Qf5 32. h3 f3 33. Rh6 Qb1+ 34.
Kh2 fxg2 35. Rxh5 Qg6 36. Rxh7+ Qxh7 37. Kxg2 Qe4+ 38. Kg1 Ke6 39. Rd1 Qc2 40.
Re1+ Kd7 41. c5 bxc5 42. Re5 Qxa2 43. Rxc5 Qd2 44. Bg3 a5 45. Rc7+ Ke8 46. Rc8+
Kf7 47. Rc5 Ke6 48. Bf2 Ke7 49. Rf5 Kd6 50. Kg2 Ke6 51. Rc5 Kf6 52. Kf3 Qd1+
53. Kg2 Qxb3 54. Bd4+ Kg6 55. Rc6+ Kf5 56. Rc3 Qd1 57. Bf2 Qd5+ 58. Kg1 Qd2 59.
Rc5+ Kf4 60. Kg2 a4 61. Rc4+ Kf5 62. Rc5+ Ke6 63. Rc6+ Ke5 64. Rc5+ Kd6 65. Rc8
Kd7 66. Rh8 a3 67. Rh7+ Ke6 68. Rh6+ Kf5 69. Ra6 a2 70. Ra7 Qd5+ 71. Kg3 Qe5+
72. Kg2 a1=Q 73. Rxa1 Qxa1 74. Bg3 Qa8+ 75. Kg1 Ke4 76. Kh2 Qa2+ 77. Kg1 Kf3
78. Kf1 Qe2+ 79. Kg1 Qg2# {monsoon checkmated} 0-1

[Event "ICS rated blitz match"]
[Site "204.178.125.65"]
[Date "2001.01.09"]
[Round "?"]
[White "Hossa"]
[Black "PostModernist"]
[Result "0-1"]
[WhiteElo "2601"]
[BlackElo "2639"]
[PlyCount "124"]
[EventDate "2001.??.??"]

1. e4 c5 2. Nf3 Nc6 3. Bb5 e6 4. Nc3 Be7 5. O-O Nf6 6. e5 Nd5 7. Nxd5 exd5 8.
c3 O-O 9. Qa4 a6 10. d4 c4 11. Bxc6 dxc6 12. Qc2 Bg4 13. Qe2 Qd7 14. Re1 Qf5
15. h3 Bxf3 16. Qxf3 Qxf3 17. gxf3 Rfe8 18. Be3 a5 19. Kg2 a4 20. a3 Ra5 21.
Rg1 Rb5 22. Rab1 Bh4 23. f4 f6 24. Kf3 h5 25. Rg2 Kf8 26. Rbg1 Re7 27. Bc1 c5
28. Ke3 cxd4+ 29. Kxd4 Re8 30. Ke3 fxe5 31. Rxg7 d4+ 32. Kf3 e4+ 33. Ke2 d3+
34. Ke3 Re6 35. Rg8+ Ke7 36. R1g7+ Kd6 37. Rc8 Rc5 38. Rxc5 Kxc5 39. Rh7 Kc6
40. Rxh5 Be7 41. f5 Re5 42. Rh6+ Bd6 43. Rf6 Kd5 44. Rf7 b5 45. f3 Bc5+ 46. Kf4
e3 47. Rd7+ Kc6 48. Rg7 e2 49. Bd2 e1=Q 50. Bxe1 Rxe1 51. Rg2 Re2 52. Rg4 d2
53. Kg3 d1=Q 54. Rg6+ Bd6+ 55. Kg4 Rg2+ 56. Kh5 Qxf3+ 57. Kh6 Qe3+ 58. Kg7 Qe7+
59. Kh6 Qf8+ 60. Kh7 Qxf5 61. Kh8 Qxg6 62. h4 Qh6# {Hossa checkmated} 0-1

[Event "ICS rated blitz match"]
[Site "204.178.125.65"]
[Date "2001.01.09"]
[Round "?"]
[White "PostModernist"]
[Black "Hossa"]
[Result "1-0"]
[WhiteElo "2653"]
[BlackElo "2587"]
[PlyCount "209"]
[EventDate "2001.??.??"]

1. e4 e5 2. Bc4 Nf6 3. d3 Nc6 4. Nc3 Bb4 5. Nf3 d6 6. h3 Na5 7. Bb3 Nxb3 8.
axb3 O-O 9. O-O Be6 10. Be3 c6 11. Rxa7 Rxa7 12. Bxa7 Bxc3 13. bxc3 b6 14. c4
Qc7 15. Qa1 Nd7 16. Qa3 Ra8 17. Ra1 h6 18. d4 exd4 19. Nxd4 c5 20. Nb5 Qc6 21.
f3 Nf6 22. Rd1 Qb7 23. Rxd6 Nd7 24. Qa1 h5 25. Rd1 Kh8 26. Rd2 Kg8 27. Rd6 Kh8
28. Qa3 Rc8 29. Rxe6 fxe6 30. Nd6 Qc7 31. Nxc8 Qxc8 32. Qa4 Kh7 33. g4 hxg4 34.
hxg4 Qc7 35. Kf1 Qd6 36. Ke2 g5 37. Qb5 Qh2+ 38. Kd1 Qc7 39. Qa4 Kg6 40. c3
Qd6+ 41. Kc2 Qh2+ 42. Kb1 Qg1+ 43. Kb2 Qf2+ 44. Ka3 Qe1 45. Kb2 Qd2+ 46. Ka3
Qxc3 47. Ka2 Qc2+ 48. Ka1 Qc1+ 49. Ka2 Qd2+ 50. Ka3 Qd4 51. Ka2 Qd6 52. Qb5 e5
53. Ka3 Kh6 54. Qa4 Kg7 55. Qb5 Qd1 56. Kb2 Qd2+ 57. Kb1 Qd6 58. Kc2 Qc7 59.
Qa6 Kf8 60. Qa3 Kf7 61. Qa1 Ke6 62. Qa6 Kf6 63. Kd3 Kg6 64. Ke2 Qc6 65. Qa2 Qd6
66. Qa4 Kg7 67. Qa1 Kg8 68. Qd1 Qc7 69. Qd5+ Kg7 70. Qa8 Kf7 71. Kd1 Ke7 72.
Kc2 Qd8 73. Qc6 Kf7 74. Qd6 Ke8 75. Qe6+ Kf8 76. Qh6+ Kf7 77. Qh7+ Ke6 78. Qg6+
Qf6 79. Qe8+ Qe7 80. Qc8 Qd6 81. Qg8+ Ke7 82. Qxg5+ Qf6 83. Qxf6+ Kxf6 84. Kd3
Kg6 85. Kd2 Kf6 86. Ke2 Kg6 87. Kf1 Kg5 88. Kg2 Kg6 89. Kh3 Kg5 90. Kg3 Kf6 91.
f4 exf4+ 92. Kxf4 Ke6 93. g5 Ke7 94. Kf5 Kd8 95. g6 Ke8 96. e5 Nf8 97. g7 Kf7
98. gxf8=Q+ Kxf8 99. Bxb6 Kg7 100. e6 Kh6 101. e7 Kh7 102. Kf6 Kh6 103. e8=Q
Kh7 104. Qg6+ Kh8 105. Qg7# {Hossa checkmated} 1-0

[Event "ICS rated blitz match"]
[Site "204.178.125.65"]
[Date "2001.01.09"]
[Round "?"]
[White "ChesterX"]
[Black "Hossa"]
[Result "0-1"]
[WhiteElo "2605"]
[BlackElo "2574"]
[PlyCount "112"]
[EventDate "2001.??.??"]

1. Nf3 Nf6 2. g3 d5 3. Bg2 c5 4. O-O Nc6 5. d3 e5 6. e4 dxe4 7. dxe4 Qxd1 8.
Rxd1 Bg4 9. Re1 O-O-O 10. Nc3 Bxf3 11. Bxf3 Nd4 12. Bd1 c4 13. a3 h6 14. b3
cxb3 15. cxb3 Bc5 16. b4 Bb6 17. Be3 Kb8 18. a4 a5 19. b5 Bc5 20. Bc1 Ne6 21.
Re2 Rd3 22. Bb2 Bd4 23. Na2 Bxb2 24. Rxb2 Nd4 25. Be2 Ra3 26. Bc4 Nxe4 27. Bxf7
Nc3 28. Kg2 Rf8 29. Bc4 Rxa4 30. Rc1 Ncxb5 31. Bxb5 Nxb5 32. Rc5 Nd6 33. Re2
Rf5 34. Rd5 Nf7 35. Rb2 Kc7 36. Rc5+ Kd6 37. Rcb5 Nd8 38. Nc3 Ra3 39. Ne4+ Ke7
40. Rd2 a4 41. Nd6 Rf8 42. Rxe5+ Ne6 43. Nb5 Raf3 44. Nd4 R3f6 45. Rde2 Kd6 46.
Rxe6+ Rxe6 47. Nxe6 Re8 48. Nf4 Rxe2 49. Nxe2 Kc5 50. f4 a3 51. Nc1 b5 52. Kf3
b4 53. Nb3+ Kc4 54. Nd2+ Kc3 55. Ne4+ Kc2 56. g4 b3 {ChesterX resigns} 0-1

[Event "ICS rated blitz match"]
[Site "204.178.125.65"]
[Date "2001.01.09"]
[Round "?"]
[White "PostModernist"]
[Black "Hossa"]
[Result "1-0"]
[WhiteElo "2646"]
[BlackElo "2591"]
[PlyCount "135"]
[EventDate "2001.??.??"]

1. e4 c5 2. c3 d6 3. d4 Qa5 4. dxc5 dxc5 5. Nf3 Be6 6. Ng5 Qb6 7. Na3 Bd7 8.
Bc4 e6 9. O-O f6 10. Nh3 Na6 11. Qd3 O-O-O 12. Rd1 e5 13. Bxa6 Qxa6 14. Qxa6
bxa6 15. Be3 Be7 16. f3 Bxh3 17. gxh3 h5 18. Rxd8+ Kxd8 19. Nc4 Kc7 20. a3 Kc6
21. Na5+ Kb5 22. b4 Ka4 23. Nc6 c4 24. Bxa7 Kb3 25. Rc1 Kxa3 26. Na5 Nh6 27.
Nxc4+ Kb3 28. Ne3 Bd6 29. Nd5 Nf7 30. Be3 f5 31. exf5 Kc4 32. Nb6+ Kb3 33. Kf2
Rd8 34. c4 Kxb4 35. Ra1 a5 36. Ra4+ Kb3 37. c5 Be7 38. Rxa5 Rf8 39. c6 Bb4 40.
Rd5 Bd6 41. c7 Bxc7 42. Rb5+ Ka2 43. Nd5 Rb8 44. Nxc7 Rxb5 45. Nxb5 Kb3 46. Bc5
Kc4 47. Nd6+ Kxc5 48. Nxf7 Kd5 49. Ke3 h4 50. Nd8 Kd6 51. Ke4 Ke7 52. Nc6+ Kf6
53. Nxe5 Ke7 54. Ng6+ Kd6 55. Kf4 Kd5 56. Kg5 Kd6 57. Kh5 Kd7 58. Nxh4 Ke7 59.
Kg6 Kf8 60. Ng2 Kg8 61. Nf4 Kh8 62. Ne6 Kg8 63. h4 Kh8 64. Nxg7 Kg8 65. Ne6 Kh8
66. f6 Kg8 67. f7+ Kh8 68. f8=Q# {Hossa checkmated} 1-0